Zahraničnoobchodná spolupráca Indie a EÚ diplomová práca

Salvato in:
Dettagli Bibliografici
Autore principale: Janotová, Zuzana
Ente Autore: Obchodná fakulta EU. Katedra medzinárodného obchodu
Altri autori: Kašťáková, Elena, 1974-
Natura: Libro
Lingua:slovacco
Pubblicazione: Bratislava 2008
Tags: Aggiungi Tag
Nessun Tag, puoi essere il primo ad aggiungerne!!

MARC

LEADER 00000nam$a2200000$$$4500
001 0085924
005 20240201120841.7
041 0 |a slo 
044 |a SK 
245 1 0 |a Zahraničnoobchodná spolupráca Indie a EÚ  |b diplomová práca  |c Zuzana Janotová ; škol. Elena Kašťáková 
264 1 |a Bratislava  |c 2008 
300 |a 68 s. 
100 1 |a Janotová, Zuzana 
700 1 |a Kašťáková, Elena, 1974- 
710 2 |a Obchodná fakulta EU. Katedra medzinárodného obchodu